Support of Entrepreneurship in Less Developed Regions dizertačná práca

Na minha lista:
Detalhes bibliográficos
Autor principal: Kalafutová, Anna, 1996-
Autor Corporativo: Národohospodárska fakulta EU. Katedra verejnej správy a regionálneho rozvoja
Outros Autores: Šipikal, Miroslav, 1976-
Formato: Livro
Idioma:inglês
Publicado em: Bratislava 2025
Assuntos:
Tags: Adicionar Tag
Sem tags, seja o primeiro a adicionar uma tag!

MARC

LEADER 00000nbm a2200000 4500
001 0311932
005 20251013125648.9
041 0 |a eng 
044 |a SK 
245 1 0 |a Support of Entrepreneurship in Less Developed Regions  |b dizertačná práca  |c Anna Kalafutová ; školiteľ: Miroslav Šipikal 
264 1 |a Bratislava  |c 2025 
300 |a 78 s. 
610 2 0 |a osoby samostatne zárobkovo činné 
610 2 0 |a príspevky finančné 
610 2 0 |a samozamestnanosť 
610 2 0 |a regióny 
610 2 0 |a udržateľnosť 
100 1 |a Kalafutová, Anna, 1996- 
700 1 |a Šipikal, Miroslav, 1976- 
710 2 |a Národohospodárska fakulta EU. Katedra verejnej správy a regionálneho rozvoja